[Event "II. CLANSKA LIGA ZAHOD 2016"]
[Site "Komenda"]
[Date "2016.11.27"]
[Round "9.3"]
[White "Muhic, Jure"]
[Black "Jeraj, Zlatko"]
[Result "1/2-1/2"]
[WhiteElo "1870"]
[BlackElo "2062"]
[PlyCount "80"]
[EventDate "2016.11.27"]
[WhiteTeam "SK DOLENJSKE TOPLICE"]
[BlackTeam "SD JESENICE"]

1. Nf3 d5 2. g3 Nf6 3. Bg2 c5 4. O-O Nc6 5. d4 cxd4 6. Nxd4 e5 7. Nxc6 bxc6 8.
c4 Be7 9. Nc3 e4 10. cxd5 cxd5 11. Qa4+ Bd7 12. Qd4 Qb6 13. Qxb6 axb6 14. Rd1
Bc6 15. Be3 Bc5 16. Bd4 Bxd4 17. Rxd4 O-O 18. Rad1 g6 19. f3 exf3 20. Bxf3 Rfe8
21. a3 Re5 22. Nxd5 Nxd5 23. Bxd5 Bxd5 24. Rxd5 Rxe2 25. R5d2 Rae8 26. Kf1 R2e6
27. Rd8 Rxd8 28. Rxd8+ Kg7 29. Rd5 Kf6 30. Kf2 Ke7 31. Kf3 f6 32. a4 f5 33. b4
Rc6 34. h4 Rc3+ 35. Kg2 Rc2+ 36. Kh3 Rc6 37. a5 bxa5 38. bxa5 Rc3 39. Kg2 Ra3
40. Rb5 Kf8 1/2-1/2

[Event "II. CLANSKA LIGA ZAHOD 2016"]
[Site "Komenda"]
[Date "2016.11.27"]
[Round "9.4"]
[White "Pazlar, Marko"]
[Black "Janko, Roman"]
[Result "1-0"]
[WhiteElo "2061"]
[BlackElo "1862"]
[PlyCount "69"]
[EventDate "2016.11.27"]
[WhiteTeam "SD JESENICE"]
[BlackTeam "SK DOLENJSKE TOPLICE"]

1. Nf3 c5 2. c4 Nc6 3. d4 cxd4 4. Nxd4 e5 5. Nb5 a6 6. Nd6+ Bxd6 7. Qxd6 Qf6 8.
Qd2 Nge7 9. Nc3 O-O 10. g3 d6 11. Bg2 Rd8 12. O-O Nd4 13. b3 Rb8 14. Bb2 Qg6
15. e3 Ne6 16. Rad1 b6 17. f4 f5 18. Nd5 Nxd5 19. cxd5 Nc5 20. fxe5 Rb7 21. e6
Rf8 22. Qd4 a5 23. Qf4 Rd8 24. Qxf5 Qxf5 25. Rxf5 Rc7 26. Bd4 Ba6 27. Bf1 Bb7
28. Bc4 Rf8 29. Rxf8+ Kxf8 30. a4 Nxa4 31. e4 Nc5 32. e5 Ke7 33. Rf1 Nxe6 34.
dxe6 dxe5 35. Rf7+ 1-0

[Event "II. CLANSKA LIGA ZAHOD 2016"]
[Site "Komenda"]
[Date "2016.11.27"]
[Round "9.5"]
[White "Gorse, Damjan"]
[Black "Pavlin, Ivan"]
[Result "1/2-1/2"]
[WhiteElo "1784"]
[BlackElo "1882"]
[PlyCount "39"]
[EventDate "2016.11.27"]
[WhiteTeam "SK DOLENJSKE TOPLICE"]
[BlackTeam "SD JESENICE"]

1. e4 c5 2. Nc3 Nc6 3. d3 e6 4. f4 d6 5. Nf3 g6 6. Be2 Bg7 7. Bd2 Nge7 8. O-O
O-O 9. Rb1 a6 10. Qe1 b5 11. a3 Rb8 12. Nd1 f5 13. Qh4 Nd4 14. Nxd4 Bxd4+ 15.
Be3 Nc6 16. Qxd8 Rxd8 17. c3 Bxe3+ 18. Nxe3 Ne7 19. Rfd1 Bb7 20. Bf3 1/2-1/2

[Event "II. CLANSKA LIGA ZAHOD 2016"]
[Site "Komenda"]
[Date "2016.11.27"]
[Round "9.6"]
[White "Ravnik, Franc"]
[Black "Kregulj, Andrej"]
[Result "1/2-1/2"]
[WhiteElo "1920"]
[BlackElo "1717"]
[PlyCount "80"]
[EventDate "2016.11.27"]
[WhiteTeam "SD JESENICE"]
[BlackTeam "SK DOLENJSKE TOPLICE"]

1. e4 c5 2. Nf3 e6 3. d4 cxd4 4. Nxd4 Nc6 5. Nxc6 bxc6 6. Bd3 d5 7. O-O Nf6 8.
e5 Nd7 9. f4 Nc5 10. Be2 Ne4 11. Be3 Bc5 12. Bxc5 Nxc5 13. Qd4 Qb6 14. a4 a5
15. b3 Rb8 16. Nd2 Ba6 17. Bxa6 Nxa6 18. Qxb6 Rxb6 19. c4 Ke7 20. cxd5 cxd5 21.
Rac1 Kd7 22. Kf2 Rc8 23. Rxc8 Kxc8 24. Rc1+ Kd7 25. Ke3 Rc6 26. Rxc6 Kxc6 27.
Kd4 Kb6 28. g4 Nb4 29. Nf3 Nc6+ 30. Kc3 Kc5 31. h3 d4+ 32. Kb2 Kd5 33. Nd2 f6
34. exf6 gxf6 35. g5 fxg5 36. fxg5 Ke5 37. Kc2 Kf4 38. Kd3 e5 39. h4 e4+ 40.
Nxe4 Kf5 1/2-1/2